| 000 | 00581nam a2200181Ia 4500 | ||
|---|---|---|---|
| 003 | GCL | ||
| 008 | 140319s9999 xx 000 0 ara d | ||
| 040 |
_aGCL / _cGCL |
||
| 082 | 0 | 4 |
_a239.6 _bع ر |
| 100 | 1 | _aعبدالقادر حسين | |
| 245 | 1 | 0 |
_aالرسول صلى الله عليه وسلم واعظا بليغا / _cعبدالقادر حسين |
| 300 | _a319 ص | ||
| 490 |
_aالهيئة العامة للاستعلامات _v0 |
||
| 650 | 0 | 4 | _aالسيرة النبوية |
| 650 | 0 | 4 | _aاخلاق الرسول |
| 650 | 0 | 4 | _aالحديث، علوم |
| 942 |
_2ddc _cBK |
||
| 999 |
_c48841 _d48841 |
||